| 000 | 00974nam a2200229 4500 | ||
|---|---|---|---|
| 001 | 132378 | ||
| 003 | ES-MaACL | ||
| 005 | 20230906194149.0 | ||
| 007 | t| | ||
| 008 | 070214s1963 sp r ||||1| spa d | ||
| 100 | 1 |
_aRomero Aguirre, Francisco. _999354 |
|
| 245 | 1 | 0 |
_aSeudoapendicitis urológicas / _cpor el Dr. Francisco Romero Aguirre . _bSeudoapendicitis (síndromes dolorosos agudos de la fosa ilíaca derecha / por el Dr. Ángel Duplá Marco . Seudoapendicitis / por el Dr. Antonio Ramón y Cajal Vinós. |
| 260 |
_aZaragoza : _bInstitución "Fernando el Católico", _c1963. |
||
| 300 |
_a105 p., 2 lám. ; _c24 cm. |
||
| 594 | _aIV Jornadas Médicas Aragonesas. | ||
| 650 | 0 | 0 |
_aApendicitis. _99917 |
| 700 | 1 |
_aDuplá Marco, Angel. _946090 |
|
| 700 | 1 |
_aRamón y Cajal Vinós, Antonio. _995231 |
|
| 710 | 2 |
_aInstitución "Fernando el Católico" _94721 |
|
| 711 | 2 |
_aJornadas Médicas Aragonesas ( _n4º. _d1963. _cZaragoza) _9836 |
|
| 852 |
_aES-MaACL _jC-16087 |
||
| 999 |
_c132378 _d132378 |
||